000 00625nam a2200193 i 4500
001 130194
003 ES-MaACL
005 20250915203319.0
007 t|
008 070723s1935 fr ||||1| fre d
100 1 _aZweig, Stefan,
_d1881-1942
_9118562
245 1 0 _aErasme
_b: grandeur et décadence d'une idée /
_cStefan Zweig ; traduit de l'allemand para Alzir Hella.
260 _aParis :
_bBernard Grasset,
_c1935.
300 _a239 p. :
_bil. ;
_c21 cm.
600 0 4 _aErasmus, Desiderius,
_d1467-1536
_947350
700 1 _aHella, Alzir.
_962433
852 _aES-MaACL
_jA-3537
999 _c130194
_d130194